Broken stars

Bibliographic Details
Other Authors: Liu, Ken
Format: Book
Published: London : Head of Zeus Ltd , 2019
Subjects:

MARC

LEADER 00000cam a2200000 7i4500
001 0000278481
005 20201207102642.0
020 |a 9781788548120 
090 0 |a F   |b BRO 
245 1 0 |a Broken stars   |c translated and edited by Ken Liu 
260 |a London :   |b Head of Zeus Ltd ,   |c 2019 
300 |a 499p. ;   |c 20cm. 
650 0 |a Fiction 
700 0 |a Liu, Ken 
999 |a 00385758   |b BUKU   |c PINJAMAN   |e PERPUSTAKAAN KOMUNITI PETALING JAYA